[Event "Deutsche Ländermeisterschaft 2025"]
[Site "Oer-Erkenschwick GER"]
[Date "2025.10.03"]
[Round "4"]
[White "Schröder, Hannes Artur"]
[Black "de Jong, Lode"]
[Result "0-1"]
[Termination "normal"]
[Board "7.4"]
[BlackTitle "CM"]
[WhiteElo "1826"]
[BlackElo "1978"]
[WhiteClock "00:28:43"]
[BlackClock "00:46:58"]
[WhiteTeam "Mecklenburg-Vorpommern"]
[BlackTeam "Stichts-Gooise Schaakbond"]
[PlyCount "78"]
[WhiteFideId "34608818"]
[BlackFideId "40101860"]
[EventCountry "GER"]
[EventRounds "7"]
[EventType "team-swiss"]
[EventDate "2025.09.30"]

1. c4 {[%clk 01:30:54]} {[%emt 00:00:05]} Nf6 {[%clk 01:30:54]} {[%emt
00:00:06]} 2. Nc3 {[%clk 01:31:18]} {[%emt 00:00:06]} c5 {[%clk 01:31:19]}
{[%emt 00:00:05]} 3. g3 {[%clk 01:31:44]} {[%emt 00:00:04]} d5 {[%clk
01:31:45]} {[%emt 00:00:04]} 4. cxd5 {[%clk 01:32:08]} {[%emt 00:00:06]} Nxd5
{[%clk 01:32:11]} {[%emt 00:00:04]} 5. Bg2 {[%clk 01:32:32]} {[%emt 00:00:07]}
Nc7 {[%clk 01:32:37]} {[%emt 00:00:04]} 6. Nf3 {[%clk 01:32:51]} {[%emt
00:00:11]} Nc6 {[%clk 01:33:00]} {[%emt 00:00:06]} 7. O-O {[%clk 01:32:37]}
{[%emt 00:00:44]} e5 {[%clk 01:33:25]} {[%emt 00:00:06]} 8. d3 {[%clk
01:33:04]} {[%emt 00:00:03]} Be7 {[%clk 01:33:51]} {[%emt 00:00:04]} 9. Nd2
{[%clk 01:33:17]} {[%emt 00:00:17]} Bd7 {[%clk 01:33:05]} {[%emt 00:01:16]} 10.
Nb3 {[%clk 01:31:58]} {[%emt 00:01:48]} O-O {[%clk 01:29:04]} {[%emt 00:04:31]}
11. f4 {[%clk 01:30:28]} {[%emt 00:02:01]} exf4 {[%clk 01:23:31]} {[%emt
00:06:03]} 12. Bxf4 {[%clk 01:30:51]} {[%emt 00:00:06]} Ne6 {[%clk 01:18:20]}
{[%emt 00:05:41]} 13. Be3 {[%clk 01:26:18]} {[%emt 00:05:04]} Bg5 {[%clk
01:09:04]} {[%emt 00:09:46]} 14. Bxg5 {[%clk 01:18:01]} {[%emt 00:08:47]} Qxg5
{[%clk 01:09:20]} {[%emt 00:00:13]} 15. Qc1 {[%clk 01:16:22]} {[%emt 00:02:09]}
Qh5 {[%clk 01:08:33]} {[%emt 00:01:17]} 16. Bf3 {[%clk 01:13:26]} {[%emt
00:03:26]} Qe5 {[%clk 01:05:17]} {[%emt 00:03:46]} 17. Ne4 {[%clk 01:12:01]}
{[%emt 00:01:56]} b6 {[%clk 01:00:36]} {[%emt 00:05:11]} 18. Kh1 {[%clk
01:06:02]} {[%emt 00:06:29]} Ncd4 {[%clk 00:57:47]} {[%emt 00:03:19]} 19. Nxd4
{[%clk 01:01:05]} {[%emt 00:05:27]} Nxd4 {[%clk 00:57:58]} {[%emt 00:00:19]}
20. Rb1 {[%clk 00:57:23]} {[%emt 00:04:12]} Nxf3 {[%clk 00:56:49]} {[%emt
00:01:39]} 21. Rxf3 {[%clk 00:57:36]} {[%emt 00:00:16]} Bc6 {[%clk 00:56:48]}
{[%emt 00:00:31]} 22. g4 {[%clk 00:42:02]} {[%emt 00:16:05]} Bxe4 {[%clk
00:52:34]} {[%emt 00:04:44]} 23. dxe4 {[%clk 00:42:21]} {[%emt 00:00:10]} Qxe4
{[%clk 00:53:00]} {[%emt 00:00:05]} 24. Qf1 {[%clk 00:39:15]} {[%emt 00:03:35]}
Rad8 {[%clk 00:47:58]} {[%emt 00:05:32]} 25. Rd1 {[%clk 00:35:29]} {[%emt
00:04:17]} Rxd1 {[%clk 00:48:13]} {[%emt 00:00:15]} 26. Qxd1 {[%clk 00:35:54]}
{[%emt 00:00:04]} Qxg4 {[%clk 00:48:37]} {[%emt 00:00:06]} 27. Rg3 {[%clk
00:35:41]} {[%emt 00:00:43]} Qe4+ {[%clk 00:48:35]} {[%emt 00:00:31]} 28. Kg1
{[%clk 00:36:03]} {[%emt 00:00:08]} Re8 {[%clk 00:47:33]} {[%emt 00:01:33]} 29.
e3 {[%clk 00:34:50]} {[%emt 00:01:43]} Qe7 {[%clk 00:46:59]} {[%emt 00:01:04]}
30. Qc2 {[%clk 00:31:23]} {[%emt 00:03:57]} Rd8 {[%clk 00:46:38]} {[%emt
00:00:51]} 31. Rh3 {[%clk 00:28:33]} {[%emt 00:03:19]} g6 {[%clk 00:46:39]}
{[%emt 00:00:30]} 32. Rf3 {[%clk 00:28:03]} {[%emt 00:01:00]} Qg5+ {[%clk
00:44:33]} {[%emt 00:02:37]} 33. Rg3 {[%clk 00:27:53]} {[%emt 00:00:39]} Qd5
{[%clk 00:44:56]} {[%emt 00:00:07]} 34. a3 {[%clk 00:27:37]} {[%emt 00:00:47]}
Qd1+ {[%clk 00:45:19]} {[%emt 00:00:07]} 35. Qxd1 {[%clk 00:27:44]} {[%emt
00:00:23]} Rxd1+ {[%clk 00:45:44]} {[%emt 00:00:04]} 36. Kg2 {[%clk 00:27:38]}
{[%emt 00:00:36]} Rd2+ {[%clk 00:46:10]} {[%emt 00:00:05]} 37. Kh3 {[%clk
00:28:03]} {[%emt 00:00:04]} Rxb2 {[%clk 00:46:35]} {[%emt 00:00:05]} 38. e4
{[%clk 00:28:21]} {[%emt 00:00:12]} c4 {[%clk 00:46:58]} {[%emt 00:00:08]} 39.
e5 {[%clk 00:28:43]} {[%emt 00:00:08]} Rb3 {[%emt 00:00:05]} 0-1

[Event "Deutsche Ländermeisterschaft 2025"]
[Site "Oer-Erkenschwick GER"]
[Date "2025.10.03"]
[Round "4"]
[White "Gergin, Isafara"]
[Black "Wilke, Ronja"]
[Result "0-1"]
[Termination "normal"]
[Board "7.5"]
[WhiteElo "1984"]
[BlackElo "1671"]
[WhiteClock "00:43:21"]
[BlackClock "00:44:29"]
[WhiteTeam "Stichts-Gooise Schaakbond"]
[BlackTeam "Mecklenburg-Vorpommern"]
[PlyCount "52"]
[WhiteFideId "1082167"]
[BlackFideId "16288378"]
[EventCountry "GER"]
[EventRounds "7"]
[EventType "team-swiss"]
[EventDate "2025.09.30"]

1. e4 {[%clk 01:30:57]} {[%emt 00:00:04]} c6 {[%clk 01:30:54]} {[%emt
00:00:07]} 2. d4 {[%clk 01:31:23]} {[%emt 00:00:03]} d5 {[%clk 01:31:17]}
{[%emt 00:00:06]} 3. Nc3 {[%clk 01:31:48]} {[%emt 00:00:05]} dxe4 {[%clk
01:31:35]} {[%emt 00:00:12]} 4. Nxe4 {[%clk 01:32:10]} {[%emt 00:00:08]} Nf6
{[%clk 01:31:50]} {[%emt 00:00:15]} 5. Nxf6+ {[%clk 01:32:26]} {[%emt
00:00:14]} exf6 {[%clk 01:32:12]} {[%emt 00:00:07]} 6. c3 {[%clk 01:32:48]}
{[%emt 00:00:09]} Bd6 {[%clk 01:31:51]} {[%emt 00:00:50]} 7. Bd3 {[%clk
01:33:09]} {[%emt 00:00:09]} O-O {[%clk 01:31:45]} {[%emt 00:00:36]} 8. Qc2
{[%clk 01:33:28]} {[%emt 00:00:11]} g6 {[%clk 01:31:28]} {[%emt 00:00:47]} 9.
h4 {[%clk 01:29:25]} {[%emt 00:04:33]} h5 {[%clk 01:30:49]} {[%emt 00:01:09]}
10. Bxg6 {[%clk 01:25:38]} {[%emt 00:04:17]} Qe8+ {[%clk 01:30:44]} {[%emt
00:00:34]} 11. Ne2 {[%clk 01:19:29]} {[%emt 00:06:40]} fxg6 {[%clk 01:30:36]}
{[%emt 00:00:38]} 12. Bh6 {[%clk 01:19:50]} {[%emt 00:00:09]} Bf5 {[%clk
01:30:43]} {[%emt 00:00:23]} 13. Qd2 {[%clk 01:15:57]} {[%emt 00:04:23]} Rf7
{[%clk 01:28:29]} {[%emt 00:02:44]} 14. f3 {[%clk 01:01:58]} {[%emt 00:14:30]}
Re7 {[%clk 01:13:15]} {[%emt 00:15:43]} 15. Rg1 {[%clk 00:59:02]} {[%emt
00:03:26]} Bg3+ {[%clk 00:58:21]} {[%emt 00:15:24]} 16. Kf1 {[%clk 00:58:22]}
{[%emt 00:01:10]} Bxh4 {[%clk 00:52:01]} {[%emt 00:06:51]} 17. g3 {[%clk
00:54:55]} {[%emt 00:03:57]} Bg5 {[%clk 00:51:05]} {[%emt 00:01:25]} 18. Bxg5
{[%clk 00:55:10]} {[%emt 00:00:15]} fxg5 {[%clk 00:51:26]} {[%emt 00:00:08]}
19. g4 {[%clk 00:49:36]} {[%emt 00:06:05]} hxg4 {[%clk 00:50:39]} {[%emt
00:01:18]} 20. fxg4 {[%clk 00:48:31]} {[%emt 00:01:34]} Be4 {[%clk 00:49:07]}
{[%emt 00:01:59]} 21. Rg3 {[%clk 00:44:27]} {[%emt 00:04:37]} Qf8+ {[%clk
00:47:23]} {[%emt 00:02:14]} 22. Kg1 {[%clk 00:42:55]} {[%emt 00:02:02]} Rh7
{[%clk 00:46:20]} {[%emt 00:01:33]} 23. Rg2 {[%clk 00:42:50]} {[%emt 00:00:36]}
Qf3 {[%clk 00:45:18]} {[%emt 00:01:30]} 24. Ng3 {[%clk 00:42:28]} {[%emt
00:00:53]} Qxg2+ {[%clk 00:45:03]} {[%emt 00:00:44]} 25. Qxg2 {[%clk 00:42:54]}
{[%emt 00:00:05]} Bxg2 {[%clk 00:45:24]} {[%emt 00:00:10]} 26. Kxg2 {[%clk
00:43:21]} {[%emt 00:00:03]} Rh4 {[%clk 00:44:29]} {[%emt 00:01:23]} 0-1

[Event "Deutsche Ländermeisterschaft 2025"]
[Site "Oer-Erkenschwick GER"]
[Date "2025.10.03"]
[Round "4"]
[White "Chandrasekher, Ritu"]
[Black "Koorevaar, Sarah-Joy"]
[Result "1/2-1/2"]
[Termination "normal"]
[Board "7.6"]
[WhiteElo "1600"]
[BlackElo "1811"]
[WhiteClock "00:07:56"]
[BlackClock "00:03:24"]
[WhiteTeam "Mecklenburg-Vorpommern"]
[BlackTeam "Stichts-Gooise Schaakbond"]
[PlyCount "70"]
[WhiteFideId "34609024"]
[BlackFideId "1091174"]
[EventCountry "GER"]
[EventRounds "7"]
[EventType "team-swiss"]
[EventDate "2025.09.30"]

1. Nf3 {[%clk 01:30:54]} {[%emt 00:00:06]} d5 {[%clk 01:30:54]} {[%emt
00:00:07]} 2. g3 {[%clk 01:31:15]} {[%emt 00:00:08]} Nf6 {[%clk 01:31:19]}
{[%emt 00:00:06]} 3. Bg2 {[%clk 01:31:36]} {[%emt 00:00:08]} c6 {[%clk
01:31:43]} {[%emt 00:00:07]} 4. O-O {[%clk 01:31:45]} {[%emt 00:00:19]} Bf5
{[%clk 01:32:10]} {[%emt 00:00:04]} 5. d3 {[%clk 01:32:05]} {[%emt 00:00:10]}
e6 {[%clk 01:32:29]} {[%emt 00:00:11]} 6. Nbd2 {[%clk 01:32:11]} {[%emt
00:00:23]} h6 {[%clk 01:32:22]} {[%emt 00:00:38]} 7. Re1 {[%clk 01:32:24]}
{[%emt 00:00:17]} Be7 {[%clk 01:31:14]} {[%emt 00:01:39]} 8. e4 {[%clk
01:31:56]} {[%emt 00:00:57]} dxe4 {[%clk 01:28:52]} {[%emt 00:02:52]} 9. dxe4
{[%clk 01:29:20]} {[%emt 00:03:06]} Nxe4 {[%clk 01:27:03]} {[%emt 00:02:20]}
10. c3 {[%clk 01:27:25]} {[%emt 00:02:25]} Ng5 {[%clk 01:13:10]} {[%emt
00:14:22]} 11. Nd4 {[%clk 01:17:27]} {[%emt 00:10:28]} Bg6 {[%clk 00:45:49]}
{[%emt 00:27:51]} 12. Qb3 {[%clk 01:11:26]} {[%emt 00:06:31]} Qb6 {[%clk
00:42:33]} {[%emt 00:03:46]} 13. Qd1 {[%clk 01:07:25]} {[%emt 00:04:31]} O-O
{[%clk 00:35:53]} {[%emt 00:07:11]} 14. Nc4 {[%clk 01:04:51]} {[%emt 00:03:02]}
Qc5 {[%clk 00:30:03]} {[%emt 00:06:21]} 15. Ne5 {[%clk 01:01:42]} {[%emt
00:03:38]} Bf6 {[%clk 00:20:00]} {[%emt 00:10:34]} 16. Nxg6 {[%clk 00:55:41]}
{[%emt 00:06:30]} fxg6 {[%clk 00:20:27]} {[%emt 00:00:04]} 17. Nxe6 {[%clk
00:51:14]} {[%emt 00:04:57]} Nxe6 {[%clk 00:20:16]} {[%emt 00:00:41]} 18. Rxe6
{[%clk 00:51:34]} {[%emt 00:00:10]} Qf5 {[%clk 00:18:09]} {[%emt 00:02:36]} 19.
Qb3 {[%clk 00:46:15]} {[%emt 00:05:50]} Kh7 {[%clk 00:16:38]} {[%emt 00:02:01]}
20. Be4 {[%clk 00:40:57]} {[%emt 00:05:48]} Qh3 {[%emt 00:03:48]} 21. Rxf6
{[%clk 00:33:07]} {[%emt 00:08:18]} gxf6 {[%clk 00:08:56]} {[%emt 00:04:56]}
22. Qxb7+ {[%clk 00:32:45]} {[%emt 00:00:52]} Nd7 {[%clk 00:06:44]} {[%emt
00:02:42]} 23. Bxc6 {[%clk 00:32:21]} {[%emt 00:00:54]} Rfd8 {[%clk 00:05:42]}
{[%emt 00:01:32]} 24. Bf4 {[%clk 00:29:32]} {[%emt 00:03:19]} Kh8 {[%clk
00:03:56]} {[%emt 00:02:16]} 25. Qb4 {[%clk 00:24:31]} {[%emt 00:05:28]} Rac8
{[%clk 00:03:06]} {[%emt 00:01:23]} 26. Qd6 {[%clk 00:21:51]} {[%emt 00:03:09]}
Qf5 {[%clk 00:02:38]} {[%emt 00:00:59]} 27. Qe7 {[%clk 00:17:46]} {[%emt
00:04:36]} g5 {[%clk 00:02:14]} {[%emt 00:00:54]} 28. Be4 {[%clk 00:17:15]}
{[%emt 00:01:00]} Re8 {[%clk 00:01:23]} {[%emt 00:01:22]} 29. Bxf5 {[%clk
00:17:00]} {[%emt 00:00:43]} Rxe7 {[%clk 00:01:43]} {[%emt 00:00:11]} 30. Bd6
{[%clk 00:16:26]} {[%emt 00:01:04]} Rg7 {[%clk 00:01:56]} {[%emt 00:00:17]} 31.
Re1 {[%clk 00:14:51]} {[%emt 00:02:05]} Rd8 {[%clk 00:02:10]} {[%emt 00:00:17]}
32. Be7 {[%clk 00:10:57]} {[%emt 00:04:23]} Re8 {[%clk 00:02:33]} {[%emt
00:00:07]} 33. Bxd7 {[%clk 00:09:40]} {[%emt 00:01:46]} Rexe7 {[%clk 00:02:47]}
{[%emt 00:00:17]} 34. Rxe7 {[%clk 00:09:21]} {[%emt 00:00:49]} Rxe7 {[%clk
00:03:15]} {[%emt 00:00:03]} 35. Bb5 {[%clk 00:07:56]} {[%emt 00:01:54]} Re5
{[%clk 00:03:24]} {[%emt 00:00:22]} 1/2-1/2

[Event "Deutsche Ländermeisterschaft 2025"]
[Site "Oer-Erkenschwick GER"]
[Date "2025.10.03"]
[Round "4"]
[White "Nguyen, Paul"]
[Black "König, Lian"]
[Result "1-0"]
[Termination "normal"]
[Board "7.7"]
[WhiteElo "1790"]
[BlackElo "1482"]
[WhiteClock "01:26:05"]
[BlackClock "00:09:58"]
[WhiteTeam "Stichts-Gooise Schaakbond"]
[BlackTeam "Mecklenburg-Vorpommern"]
[PlyCount "41"]
[WhiteFideId "1095072"]
[BlackFideId "34660216"]
[EventCountry "GER"]
[EventRounds "7"]
[EventType "team-swiss"]
[EventDate "2025.09.30"]

1. d4 {[%clk 01:30:58]} {[%emt 00:00:01]} d5 {[%clk 01:30:54]} {[%emt
00:00:06]} 2. e3 {[%clk 01:31:24]} {[%emt 00:00:04]} Nf6 {[%clk 01:31:10]}
{[%emt 00:00:13]} 3. Bd3 {[%clk 01:31:48]} {[%emt 00:00:06]} e6 {[%clk
01:31:31]} {[%emt 00:00:10]} 4. f4 {[%clk 01:32:07]} {[%emt 00:00:11]} Be7
{[%clk 01:28:43]} {[%emt 00:03:18]} 5. Nf3 {[%clk 01:32:29]} {[%emt 00:00:07]}
c6 {[%clk 01:25:21]} {[%emt 00:03:53]} 6. O-O {[%clk 01:32:53]} {[%emt
00:00:07]} O-O {[%clk 01:22:43]} {[%emt 00:03:07]} 7. c3 {[%clk 01:33:13]}
{[%emt 00:00:10]} b6 {[%clk 01:20:58]} {[%emt 00:02:14]} 8. Nbd2 {[%clk
01:33:26]} {[%emt 00:00:17]} Nbd7 {[%clk 01:20:56]} {[%emt 00:00:32]} 9. Ne5
{[%clk 01:33:48]} {[%emt 00:00:09]} Nxe5 {[%clk 01:17:27]} {[%emt 00:03:58]}
10. fxe5 {[%clk 01:34:11]} {[%emt 00:00:07]} Nd7 {[%clk 01:17:46]} {[%emt
00:00:11]} 11. e4 {[%clk 01:32:08]} {[%emt 00:02:33]} a5 {[%clk 01:06:39]}
{[%emt 00:11:37]} 12. Rf3 {[%clk 01:29:13]} {[%emt 00:03:25]} Bb7 {[%clk
01:03:51]} {[%emt 00:03:18]} 13. Rh3 {[%clk 01:29:20]} {[%emt 00:00:24]} c5
{[%clk 01:00:42]} {[%emt 00:03:38]} 14. exd5 {[%clk 01:27:57]} {[%emt
00:01:53]} h6 {[%clk 00:55:16]} {[%emt 00:05:57]} 15. dxe6 {[%clk 01:28:13]}
{[%emt 00:00:13]} fxe6 {[%clk 00:54:31]} {[%emt 00:01:16]} 16. Qg4 {[%clk
01:28:01]} {[%emt 00:00:42]} Bg5 {[%clk 00:30:56]} {[%emt 00:24:04]} 17. Ne4
{[%clk 01:26:42]} {[%emt 00:01:49]} Bxc1 {[%clk 00:30:11]} {[%emt 00:01:16]}
18. Qxe6+ {[%clk 01:25:56]} {[%emt 00:01:16]} Kh8 {[%clk 00:21:43]} {[%emt
00:08:57]} 19. Rxc1 {[%clk 01:25:24]} {[%emt 00:01:03]} Rg8 {[%clk 00:09:38]}
{[%emt 00:12:35]} 20. Rxh6+ {[%clk 01:25:37]} {[%emt 00:00:17]} gxh6 {[%clk
00:09:58]} {[%emt 00:00:09]} 21. Qxh6# {[%clk 01:26:05]} {[%emt 00:00:03]} 1-0

[Event "Deutsche Ländermeisterschaft 2025"]
[Site "Oer-Erkenschwick GER"]
[Date "2025.10.03"]
[Round "4"]
[White "Reyes-Mantilla, Andrés Mauricio"]
[Black "Matthäi, Jakob"]
[Result "0-1"]
[Termination "normal"]
[Board "8.1"]
[WhiteElo "2047"]
[BlackElo "2163"]
[WhiteClock "00:00:37"]
[BlackClock "00:14:40"]
[WhiteTeam "Hamburg 2"]
[BlackTeam "Sachsen"]
[PlyCount "56"]
[WhiteFideId "4467248"]
[BlackFideId "16240421"]
[EventCountry "GER"]
[EventRounds "7"]
[EventType "team-swiss"]
[EventDate "2025.09.30"]

1. d4 {[%clk 01:30:22]} {[%emt 00:00:37]} Nf6 {[%clk 01:30:54]} {[%emt
00:00:06]} 2. c4 {[%clk 01:30:23]} {[%emt 00:00:28]} e6 {[%clk 01:31:19]}
{[%emt 00:00:05]} 3. Nc3 {[%clk 01:28:40]} {[%emt 00:02:13]} Bb4 {[%clk
01:31:44]} {[%emt 00:00:06]} 4. e3 {[%clk 01:25:30]} {[%emt 00:03:39]} b6
{[%clk 01:31:48]} {[%emt 00:00:26]} 5. Nge2 {[%clk 01:20:49]} {[%emt 00:05:11]}
Bb7 {[%clk 01:32:03]} {[%emt 00:00:15]} 6. a3 {[%clk 01:20:50]} {[%emt
00:00:29]} Be7 {[%clk 01:31:06]} {[%emt 00:01:27]} 7. Ng3 {[%clk 01:14:42]}
{[%emt 00:06:39]} d5 {[%clk 01:30:53]} {[%emt 00:00:42]} 8. cxd5 {[%clk
01:13:17]} {[%emt 00:01:54]} Nxd5 {[%clk 01:29:14]} {[%emt 00:02:09]} 9. Nxd5
{[%clk 00:57:11]} {[%emt 00:16:37]} Bxd5 {[%clk 01:28:16]} {[%emt 00:01:27]}
10. e4 {[%clk 00:54:54]} {[%emt 00:02:48]} Bb7 {[%clk 01:28:32]} {[%emt
00:00:13]} 11. Be3 {[%clk 00:54:55]} {[%emt 00:00:28]} O-O {[%clk 01:27:56]}
{[%emt 00:01:07]} 12. Rc1 {[%clk 00:42:41]} {[%emt 00:12:44]} c6 {[%clk
01:18:44]} {[%emt 00:09:43]} 13. Bd3 {[%clk 00:40:04]} {[%emt 00:03:07]} Nd7
{[%clk 01:16:00]} {[%emt 00:03:14]} 14. O-O {[%clk 00:32:31]} {[%emt 00:08:03]}
c5 {[%clk 01:09:41]} {[%emt 00:06:50]} 15. Bb1 {[%clk 00:32:14]} {[%emt
00:00:46]} cxd4 {[%clk 01:05:16]} {[%emt 00:04:55]} 16. Bxd4 {[%clk 00:32:17]}
{[%emt 00:00:26]} Bf6 {[%clk 00:53:46]} {[%emt 00:12:01]} 17. Nh5 {[%clk
00:27:11]} {[%emt 00:05:37]} Bxd4 {[%clk 00:45:44]} {[%emt 00:08:31]} 18. Qxd4
{[%clk 00:27:34]} {[%emt 00:00:07]} Nf6 {[%clk 00:43:19]} {[%emt 00:02:55]} 19.
Qe5 {[%clk 00:19:36]} {[%emt 00:08:28]} Nxh5 {[%clk 00:42:46]} {[%emt
00:01:04]} 20. Qxh5 {[%clk 00:19:46]} {[%emt 00:00:19]} Qd4 {[%clk 00:34:14]}
{[%emt 00:09:02]} 21. Rc3 {[%clk 00:15:46]} {[%emt 00:04:30]} g6 {[%clk
00:32:00]} {[%emt 00:02:44]} 22. Qg5 {[%clk 00:10:50]} {[%emt 00:05:27]} Rac8
{[%clk 00:29:17]} {[%emt 00:03:12]} 23. Rh3 {[%clk 00:05:44]} {[%emt 00:05:37]}
Rc5 {[%clk 00:22:02]} {[%emt 00:07:45]} 24. Qe7 {[%clk 00:05:03]} {[%emt
00:01:10]} Ba6 {[%clk 00:21:17]} {[%emt 00:01:15]} 25. Re1 {[%clk 00:01:42]}
{[%emt 00:03:51]} Qd2 {[%clk 00:17:20]} {[%emt 00:04:27]} 26. Rhe3 {[%clk
00:01:49]} {[%emt 00:00:23]} Rfc8 {[%clk 00:16:33]} {[%emt 00:01:17]} 27. Ba2
{[%clk 00:00:37]} {[%emt 00:01:42]} Rc2 {[%clk 00:14:57]} {[%emt 00:02:05]} 28.
Qf6 {[%emt 00:00:35]} Rc1 {[%clk 00:14:40]} {[%emt 00:00:46]} 0-1

[Event "Deutsche Ländermeisterschaft 2025"]
[Site "Oer-Erkenschwick GER"]
[Date "2025.10.03"]
[Round "4"]
[White "Steger, Lukas Daniel"]
[Black "Tietz, Bennit"]
[Result "1-0"]
[Termination "normal"]
[Board "8.2"]
[WhiteElo "2081"]
[BlackElo "2036"]
[WhiteClock "00:02:39"]
[BlackClock "00:01:27"]
[WhiteTeam "Sachsen"]
[BlackTeam "Hamburg 2"]
[PlyCount "87"]
[WhiteFideId "3335151"]
[BlackFideId "16286936"]
[EventCountry "GER"]
[EventRounds "7"]
[EventType "team-swiss"]
[EventDate "2025.09.30"]

1. e4 {[%clk 01:30:57]} c5 {[%clk 01:30:45]} {[%emt 00:00:15]} 2. Nf3 {[%clk
01:31:19]} {[%emt 00:00:08]} a6 {[%clk 01:30:51]} {[%emt 00:00:25]} 3. c4
{[%clk 01:31:41]} {[%emt 00:00:06]} Nc6 {[%clk 01:30:53]} {[%emt 00:00:29]} 4.
d4 {[%clk 01:32:04]} {[%emt 00:00:07]} cxd4 {[%clk 01:31:06]} {[%emt 00:00:17]}
5. Nxd4 {[%clk 01:32:27]} {[%emt 00:00:07]} Nf6 {[%clk 01:31:26]} {[%emt
00:00:10]} 6. Nc3 {[%clk 01:32:27]} {[%emt 00:00:29]} e5 {[%clk 01:31:29]}
{[%emt 00:00:28]} 7. Nf5 {[%clk 01:32:44]} {[%emt 00:00:12]} d5 {[%clk
01:31:28]} {[%emt 00:00:31]} 8. cxd5 {[%clk 01:33:07]} {[%emt 00:00:07]} Bxf5
{[%clk 01:31:35]} {[%emt 00:00:24]} 9. exf5 {[%clk 01:33:29]} {[%emt 00:00:07]}
Nd4 {[%clk 01:31:53]} {[%emt 00:00:12]} 10. Bd3 {[%clk 01:33:43]} {[%emt
00:00:16]} Nxd5 {[%clk 01:29:03]} {[%emt 00:03:20]} 11. Nxd5 {[%clk 01:27:47]}
{[%emt 00:06:25]} Qxd5 {[%clk 01:28:10]} {[%emt 00:01:24]} 12. O-O {[%clk
01:28:07]} {[%emt 00:00:10]} Be7 {[%clk 01:08:37]} {[%emt 00:20:03]} 13. Re1
{[%clk 01:17:58]} {[%emt 00:10:38]} O-O {[%clk 01:05:53]} {[%emt 00:03:15]} 14.
Qg4 {[%clk 01:18:06]} {[%emt 00:00:22]} Bf6 {[%clk 00:56:51]} {[%emt 00:09:33]}
15. h4 {[%clk 01:16:00]} {[%emt 00:02:35]} Rfd8 {[%clk 00:45:51]} {[%emt
00:11:30]} 16. Be4 {[%clk 01:15:07]} {[%emt 00:01:23]} Qd7 {[%clk 00:36:33]}
{[%emt 00:09:50]} 17. h5 {[%clk 01:00:01]} {[%emt 00:15:34]} g6 {[%clk
00:25:40]} {[%emt 00:11:24]} 18. hxg6 {[%clk 00:40:18]} {[%emt 00:20:13]} hxg6
{[%clk 00:24:39]} {[%emt 00:01:32]} 19. Bg5 {[%clk 00:38:14]} {[%emt 00:02:33]}
Bxg5 {[%clk 00:18:03]} {[%emt 00:07:05]} 20. Qxg5 {[%clk 00:38:24]} {[%emt
00:00:20]} Nxf5 {[%clk 00:17:31]} {[%emt 00:01:03]} 21. Rad1 {[%clk 00:21:37]}
{[%emt 00:17:17]} Qxd1 {[%clk 00:15:06]} {[%emt 00:02:56]} 22. Rxd1 {[%clk
00:21:56]} {[%emt 00:00:10]} Rxd1+ {[%clk 00:15:34]} {[%emt 00:00:02]} 23. Kh2
{[%clk 00:22:13]} {[%emt 00:00:13]} Ng7 {[%clk 00:14:43]} {[%emt 00:01:21]} 24.
Bxb7 {[%clk 00:18:52]} {[%emt 00:03:51]} Rb8 {[%clk 00:14:42]} {[%emt
00:00:31]} 25. Bxa6 {[%clk 00:16:23]} {[%emt 00:02:59]} Rxb2 {[%clk 00:14:15]}
{[%emt 00:00:57]} 26. Bc4 {[%clk 00:16:43]} {[%emt 00:00:10]} Rd4 {[%clk
00:06:04]} {[%emt 00:08:40]} 27. Qxe5 {[%clk 00:07:42]} {[%emt 00:09:32]} Rh4+
{[%clk 00:01:08]} {[%emt 00:05:26]} 28. Kg3 {[%clk 00:07:23]} {[%emt 00:00:49]}
Nf5+ {[%clk 00:01:36]} {[%emt 00:00:02]} 29. Kf3 {[%clk 00:07:42]} {[%emt
00:00:11]} Rb7 {[%clk 00:00:50]} {[%emt 00:01:16]} 30. g4 {[%clk 00:03:00]}
{[%emt 00:05:12]} Ng7 {[%clk 00:00:35]} {[%emt 00:00:46]} 31. Bd5 {[%clk
00:01:57]} {[%emt 00:01:32]} Rb4 {[%clk 00:00:35]} {[%emt 00:00:30]} 32. Qf6
{[%clk 00:01:39]} {[%emt 00:00:47]} Rhxg4 {[%clk 00:00:38]} {[%emt 00:00:28]}
33. Qxf7+ {[%clk 00:01:47]} {[%emt 00:00:21]} Kh7 {[%clk 00:01:08]} 34. Qg8+
{[%clk 00:02:00]} {[%emt 00:00:17]} Kh6 {[%clk 00:01:36]} {[%emt 00:00:01]} 35.
Qh8+ {[%clk 00:02:18]} {[%emt 00:00:13]} Kg5 {[%clk 00:02:03]} {[%emt
00:00:03]} 36. Qxg7 {[%clk 00:02:28]} {[%emt 00:00:20]} Rgf4+ {[%clk 00:02:12]}
{[%emt 00:00:21]} 37. Ke3 {[%clk 00:02:18]} {[%emt 00:00:39]} Rf6 {[%clk
00:00:48]} {[%emt 00:01:55]} 38. Qe7 {[%clk 00:01:15]} {[%emt 00:01:33]} Rbf4
{[%clk 00:01:16]} {[%emt 00:00:02]} 39. f3 {[%clk 00:01:03]} {[%emt 00:00:42]}
R4f5 {[%clk 00:01:23]} {[%emt 00:00:24]} 40. Be4 {[%clk 00:01:06]} {[%emt
00:00:25]} Rf4 {[%clk 00:00:37]} {[%emt 00:01:17]} 41. Qe5+ {[%clk 00:01:29]}
{[%emt 00:00:07]} Kh4 {[%clk 00:00:34]} {[%emt 00:00:33]} 42. Qxf4+ {[%clk
00:01:53]} {[%emt 00:00:06]} Rxf4 {[%clk 00:00:59]} {[%emt 00:00:04]} 43. Kxf4
{[%clk 00:02:19]} {[%emt 00:00:04]} g5+ {[%clk 00:01:27]} {[%emt 00:00:03]} 44.
Ke5 {[%clk 00:02:39]} {[%emt 00:00:10]} 1-0